000 00670nam a2200265Ia 4500
005 20260302115654.0
008 008 260114s9999 xx 000 0 eng d
020 _a9798400659621
037 _aTextbook
040 _aCRL
040 _beng
040 _cCRL
041 _2eng
041 _aeng
084 _qCRL
100 _aLouis Kuykendall Jr.
_91122296
245 0 _aGrief and Loss Your Questions Answered
260 _bBloomsbury
260 _bGreenwood
260 _c2020
650 _aPsychology
856 _uhttps://doi.org/10.5040/9798400659621?locatt=label:secondary_bloomsburyCollections
942 _cEBOOK
999 _c1687067
_d1687067